| 000 | 00849cam a2200241 i 4500 | ||
|---|---|---|---|
| 001 | 180241 | ||
| 003 | ES-MaACL | ||
| 005 | 20250712032649.0 | ||
| 008 | 120521s2008 sp | |||||||| | spa d | ||
| 020 | _a978-84-96452-55-8 | ||
| 080 | _a821.134.2-31"18" | ||
| 100 | 1 |
_aBlasco Ibáñez, Vicente, _d1867-1928 _929388 |
|
| 245 | 1 | 0 |
_aNovelas. _nI / _cVicente Blasco Ibáñez ; edición de Ana L. Baquero Escudero. |
| 260 |
_aMadrid : _bFundación José Antonio de Castro, _c2008. |
||
| 300 |
_a1 v. (LXVII, 835 p.) ; _c23 cm. |
||
| 490 | 1 | _aBiblioteca Castro | |
| 504 | _aReferencias bibliográficas. | ||
| 505 | 8 | _aContiene: V. 1. Arroz y tartana ; Flor de mayo ; La barraca ; Entre naranjos | |
| 700 | 1 |
_aBaquero Escudero, Ana L. _9150051 |
|
| 830 | 1 |
_aBiblioteca Castro _9178957 |
|
| 852 |
_aES-MaACL _jL-29865 |
||
| 999 |
_c180241 _d180241 |
||